1475 1075 1213 1048 1817 1695 1847 1623 1077 1375 1828 1000 1287 1962 1180 1293 1547 1835 1253 1550 1627 1874 1491 1057 1286 1817 1539 1118 1162 1160 1946 1999 1822 1253 1716 1144 1046 1816 1515 1105 1306 1916 1740 1672 1114 1244 1284 1553 1075 1180 1609 1134 1343 1192 1824 1660 1220 1975 1609 1862 1477 1784 1348 1868 1143 1216 1371 1407 1301 1573 1898 1253 1807 1078 1875 1139 1045 1113 1260 1818 1027 1154 1385 1113 1160 1810 1919 1176 1292 1141 1194 1518 1203 1633 1612 1866 1485 1038 1582 BCNSPRNW ULIB Ver.6.0+V

เปลี่ยนเป็นภาษาไทย

Change to English
 แสดงรายละเอียดบรรณานุกรม
  กลับหน้าหลัก

Brief Record : Get Marc (ISO 2709) : E-mail record : QR code < ปิดหน้าต่าง
LEADER : 00000nam 2200000uu 4500
001    13399125618
003     ULIB
008    170711s2559||||th 000 0 tha d
020    ^a9786169238812
060    ^aWB327^bฐ695ค
100    ^aAndrew Berrie
245    ^aคู่มือสร้างหุ่นสไตล์บิกีนี่โมเดล = Bikini body fitness /^cAndrew Berrie
250    ^aพิมพ์ครั้งที่ 1
260    ^aกรุงเทพฯ :^bซีเอ็ดยูเคชั่น,^c2559
300    ^a257 หน้า^bภาพประกอบ
650    ^aการออกกำลังกาย
700 0  ^aฐิติรัตน์ ชีวงษ์^eผู้แปล
945    ^p0^l0^i002572
999    ^aประนอม เกษจรัล
รายการนี้ยังไม่มีแท็ก
คุณยังไม่ได้ล็อกอิน คุณสามารถมีกิจกรรมร่วมกับเว็บไซต์ได้ แต่ต้องล็อกอินก่อน ::
  ล็อกอิน

รายการสื่อสารสนเทศ

ลำดับที่ ประเภท เลขเรียก/บาร์โค้ด สถานที่ สถานะ
1. วิทยาศาสตร์การแพทย์ และสุขภาพ
วิทยาศาสตร์การแพทย์ และสุขภาพ
สถานะ=หนังสือเก่า
WB327 ฐ695ค ฉ.1 
  Barcode: 002572
ห้องสมุดวิทยาเขตสวรรค์ประชารักษ์
►ส่วนจัดเก็บหนังสือเก่า สปร
บนชั้น
  ขอยืม

รายการใกล้เคียง
    ผู้แต่ง [Andrew Berrie]

    หัวเรื่อง [การออกกำลังกาย]

BibComment


ยังไม่เคยถูกคอมเมนท์

คอมเมนท์ทรัพยากรรายการนี้
  คอมเมนท์: คู่มือสร้างหุ่นส..


 Copyright 2026. Bcnsprnw @Library